000 00707nam a2200253Ia 4500
003 OSt
005 20220926013334.0
006 a|||||r|||| 00| 0
007 ta
008 220923b |||||||| |||| 00| 0 eng d
020 _a0030221617
037 _cGeneral Book
040 _aRTL
_cRTL
_beng
041 _2eng
_aeng
082 _aBobX9, L9
100 _aGoodman A W
_9318130
245 0 _aMathematics for management and social soiences
260 _aNew York
_bHolt Rinehart and Winston
_c1979
300 _axi,496p.
_ccm.
650 _aStatistics
_935791
700 _a Ratti J S
_9318131
942 _hBobX9, L9
_cGB
_2CC
999 _c625756
_d625756